000 00506nam a2200169Ia 4500
008 220216s9999 xx 000 0 und d
100 _aHaberstroh E
245 0 _aAnalysis methods for the prediction of rubber compound quality for mixing in internal mixers
260 _bKautschuk Gummi Kunststoffe
_c1999
300 _a15-20
650 _aArtificial neural networks
650 _aLinear regression
650 _aRubber processing
650 _aRubber properties
700 _aRyzko P
942 _cJS
999 _c54207
_d54207